Implementing sunshine and the public records law in Dade county, Florida problems and prescriptions for reform (Record no. 33548)

000 -LEADER
fixed length control field 01163pab a2200169 454500
008 - FIXED-LENGTH DATA ELEMENTS--GENERAL INFORMATION
fixed length control field 180718b1997 xxu||||| |||| 00| 0 eng d
100 ## - MAIN ENTRY--PERSONAL NAME
Personal name Roberts, Gary E.
245 ## - TITLE STATEMENT
Title Implementing sunshine and the public records law in Dade county, Florida problems and prescriptions for reform
260 ## - PUBLICATION, DISTRIBUTION, ETC.
Date of publication, distribution, etc. 1997
300 ## - PHYSICAL DESCRIPTION
Extent p.431-49
362 ## - DATES OF PUBLICATION AND/OR SEQUENTIAL DESIGNATION
Dates of publication and/or sequential designation Feb
520 ## - SUMMARY, ETC.
Summary, etc. Open meetings and public records laws are designed to make the process and product of governmental decision making more accessible to the general public. The objective of this study is to identify problems that are associated with Florida's open meetings (sunshine) and public records laws in relation to the administrative and decision making processes of local governments. The results indicate that smaller municipalities are adversely effected by advertising costs for open meetings and for unreimbursed research costs related to public records requests. A number of suggestions are proposed to remedy the identified deficiencies. - Reproduced
650 ## - SUBJECT ADDED ENTRY--TOPICAL TERM
Topical term or geographic name entry element Decision making - United States
650 ## - SUBJECT ADDED ENTRY--TOPICAL TERM
Topical term or geographic name entry element Local government
773 ## - HOST ITEM ENTRY
Main entry heading International Journal of Public Administration
909 ## -
-- 33548
Holdings
Withdrawn status Lost status Damaged status Not for loan Permanent Location Current Location Date acquired Serial Enumeration / chronology Barcode Date last seen Price effective from Koha item type
        Indian Institute of Public Administration Indian Institute of Public Administration 2018-07-19 Volume no: 20, Issue no: 2 AR33773 2018-07-19 2018-07-19 Articles

Powered by Koha